01840na a2200397 450000100060000000300080000600500170001400800410003103500100007204000250008204100080010708200300011509000290014511000620017424000250023624501310026124601100039226000290050230000240053149000400055550000760059550000890067160000520076060001060081261000310091861000750094965000250102465700300104974000480107974001100112774000460123783000200128394200130130395201110131699900150142718101MIRAKIL20181213154918.0161111b tu 000 0  a17083 aMilasbturcTR-AnCHP atur aCHP 328.331bC36s [2016?] aCHP 328.331 C36s [2016?] aCumhuriyet Halk Partisi (CHP)bTBMM Grup Başkanlığı aGensoru önergeleri aAv. Dr. Sezgin Tanrıkulubilk imza sahibi olduğu gensoru önergeleri, imzası bulunan gensoru önergeleric[derleyen] CHP aSezgin Tanrıkulu'nun ilk imza sahibi olduğu gensoru önergeleri, imzası bulunan gensoru önergeleri a[Ankara]b[CHP]c[2016?] a30 s.bres.c30 sm. aCumhuriyet Halk Partisi yayınları aDış kapak yapıt adı: "CHP : Türkiye'nin Birleştirici Gücü" aDış kapakta tamamlayıcı yapıt adı : 24. dönem TBMM yasama çalışmaları aTanrıkulu, M. SezginxMeclis çalışmaları aTanrıkulu, M. SezgincAv. Dr. cCHP İstanbul MilletvekilixGensoru önergeleriyTBMM, 24. Dönem aTBMMxGensoru önergeleri aCumhuriyet Halk Partisi (CHP)xGensoru önergeleriyTBMM, 24. Dönem aGensoru önergeleri aCHP gensoru önergeleri  aCHP : Türkiye'nin Birleştirici Gücü aSezgin Tanrıkulu'nun ilk imza sahibi olduğu gensoru önergeleri, imzası bulunan gensoru önergeleri a24. dönem TBMM yasama çalışmaları aCHP yayınları 2dcccBKS a0001b0001d2016-11-11e2l0oCHP 328.331 C36s [2016?]p009371r2016-11-11 00:00:00v0.00w2016-11-11yBKS c3039d3039